Registering the everyday: Documents, bureaucracy, and the socio-legal (Record no. 524184)

000 -LEADER
fixed length control field 01274nam a22001577a 4500
008 - FIXED-LENGTH DATA ELEMENTS--GENERAL INFORMATION
fixed length control field 231104b ||||| |||| 00| 0 eng d
100 ## - MAIN ENTRY--PERSONAL NAME
Personal name Jess, Smith, J. and Sarah, Keenan, S.
245 ## - TITLE STATEMENT
Title Registering the everyday: Documents, bureaucracy, and the socio-legal
260 ## - PUBLICATION, DISTRIBUTION, ETC. (IMPRINT)
Place of publication, distribution, etc Social and Legal Studies
300 ## - PHYSICAL DESCRIPTION
Extent 32(5), Oct, 2023: p.659-665
520 ## - SUMMARY, ETC.
Summary, etc The special section that follows examines registration as a technology of governance regulating the everyday. The introduction illustrates the motivation for the special section, which was an interest in the changing shape of registration over time, as the COVID-19 pandemic saw registration come to the forefront of public life, calling for a re-examination of the ways in which registration produces populations and affects lives. We conclude by outlining the contributions and key themes of the special section. – Reproduced

https://journals.sagepub.com/doi/full/10.1177/09646639231190904
650 ## - SUBJECT ADDED ENTRY--TOPICAL TERM
Topical term or geographic name as entry element Registration ,Technology of governance, Everyday regulation, Changing shape of registration COVID-19 pandemic Public life Re-examination, Population production, Affects lives, Contributions, Key themes
9 (RLIN) 45659
773 ## - HOST ITEM ENTRY
Main entry heading Social and Legal Studies
906 ## - LOCAL DATA ELEMENT F, LDF (RLIN)
Subject DIP REGISTRATION
942 ## - ADDED ENTRY ELEMENTS (KOHA)
Item type Articles
Holdings
Withdrawn status Lost status Source of classification or shelving scheme Damaged status Not for loan Permanent location Current location Date acquired Serial Enumeration / chronology Barcode Date last seen Koha item type
          Indian Institute of Public Administration Indian Institute of Public Administration 2023-11-04 32(5), Oct, 2023: p.659-665 AR130063 2023-11-04 Articles

Powered by Koha